000 00489nam a2200157Ia 4500
008 191017s9999 xx 000 0 und d
020 _a9780323595995
100 _aLeonard, Peggy C.
245 _c Peggy C. Leonard.--
_aQuick & easy medical terminology /
250 _a10th ed.
260 _aSt. Louis, Missouri :
_bElseiver,
_c2020.
300 _axii, 443 pages:
_bcolor illustrations ;
_c24 cm
500 _aIncludes index.
650 _aMedicine -- Terminology.
650 _aMedicine.
999 _c362253
_d362253